[Event "Gibraltar Amateur op-B"]
[Site "Caleta"]
[Date "2018.01.30"]
[Round "4"]
[White "Fernandez de la Fuente, Jose Antonio"]
[Black "Prata, Jose Miguel Mendes"]
[Result "0-1"]
[WhiteElo "1735"]
[BlackElo "1895"]
[PlyCount "80"]
[EventDate "2018.01.27"]
[EventType "swiss"]
[EventRounds "5"]
[EventCountry "GGB"]
[SourceTitle "EXT 2019"]
[Source "ChessBase"]
[SourceDate "2018.10.10"]
[SourceVersion "1"]
[SourceVersionDate "2018.10.10"]
[SourceQuality "1"]

1. d4 d5 2. Bf4 Nf6 3. e3 c6 4. c4 a6 5. Nc3 b5 6. c5 g6 7. Nf3 Bg7 8. Be2 0-0 9. 0-0 Bg4 10. h3 Bxf3 11. Bxf3 e6 12. b4 a5 13. a3 Nfd7 14. Qc2 e5 15. dxe5 Nxe5 16. Bxe5 Bxe5 17. Rad1 axb4 18. axb4 Ra3 19. Ne2 f5 20. Rd3 Rxd3 21. Qxd3 Qc7 22. Nc3 Bxc3 23. Qxc3 Nd7 24. Rd1 Nf6 25. Ra1 Ne4 26. Bxe4 fxe4 27. Ra2 Qg7 28. Qd4 Qxd4 29. exd4 Rf7 30. Ra3 h5 31. h4 Kg7 32. g3 Kh6 33. Kg2 g5 34. hxg5+ Kxg5 35. f3 exf3+ 36. Rxf3 Ra7 37. Rf2 Ra4 38. Rb2 Kg4 39. Rb3 Ra2+ 40. Kg1 Rd2 0-1

[Event "Gibraltar Amateur op-B"]
[Site "Caleta"]
[Date "2018.01.28"]
[Round "2"]
[White "Kuenitz, Klaus"]
[Black "Prata, Jose Miguel Mendes"]
[Result "1-0"]
[WhiteElo "1767"]
[BlackElo "1895"]
[PlyCount "172"]
[EventDate "2018.01.27"]
[EventType "swiss"]
[EventRounds "5"]
[EventCountry "GGB"]
[SourceTitle "EXT 2019"]
[Source "ChessBase"]
[SourceDate "2018.10.10"]
[SourceVersion "1"]
[SourceVersionDate "2018.10.10"]
[SourceQuality "1"]

1. d4 d5 2. c4 c6 3. cxd5 cxd5 4. Nc3 Nf6 5. Nf3 Nc6 6. Bf4 Bf5 7. e3 e6 8. Bd3 Bxd3 9. Qxd3 Bd6 10. Bxd6 Qxd6 11. 0-0 0-0 12. Rfd1 a6 13. Rac1 b5 14. h3 h6 15. e4 dxe4 16. Nxe4 Nxe4 17. Qxe4 Nb4 18. a3 Nd5 19. Rc5 Rac8 20. Rdc1 Rxc5 21. dxc5 Qc7 22. b4 Rd8 23. g3 Rd7 24. Qe5 Qxe5 25. Nxe5 Rc7 26. Kf1 f6 27. Nf3 Kf7 28. Nd4 Ne7 29. Re1 e5 30. Nb3 Nd5 31. Rd1 Ke6 32. h4 Rc6 33. Rd3 f5 34. f4 Rc7 35. fxe5 Kxe5 36. Kf2 g5 37. Rd1 Nc3 38. Re1+ Ne4+ 39. Kf3 g4+ 40. Kg2 Rd7 41. c6 Rc7 42. Na5 h5 43. Rd1 Nd6 44. Kf2 Nc4 45. Rd7 Rc8 46. Nxc4+ bxc4 47. c7 Ke6 48. Rh7 c3 49. Ke2 Kd6 50. Rxh5 Rxc7 51. Kd1 c2+ 52. Kc1 Ke5 53. Rh6 a5 54. b5 f4 55. gxf4+ Kxf4 56. b6 Rc3 57. b7 Rb3 58. Rh7 g3 59. Rg7 Kf3 60. Kxc2 a4 61. h5 g2 62. h6 Rxb7 63. Rxb7 g1Q 64. h7 Qc5+ 65. Kb2 Qd4+ 66. Kc1 Qc3+ 67. Kb1 Qe1+ 68. Kb2 Qd2+ 69. Kb1 Qd1+ 70. Kb2 Qd4+ 71. Kc2 Qc4+ 72. Kb2 Qe2+ 73. Kc3 Kg4 74. Rg7+ Kf5 75. h8Q Qe3+ 76. Kc4 Qb3+ 77. Kd4 Qb2+ 78. Kd5 Qb3+ 79. Kc6 Qc4+ 80. Kb6 Qd4+ 81. Kb7 Qd5+ 82. Kb8 Qe5+ 83. Ka8 Qd5+ 84. Rb7 Qa5+ 85. Kb8 Qa6 86. Qh5+ Kf6 1-0

[Event "Gibraltar Amateur op-B"]
[Site "Caleta"]
[Date "2018.01.27"]
[Round "1"]
[White "Prata, Jose Miguel Mendes"]
[Black "Maldonado Mena, German"]
[Result "1-0"]
[WhiteElo "1895"]
[BlackElo "1701"]
[PlyCount "63"]
[EventDate "2018.01.27"]
[EventType "swiss"]
[EventRounds "5"]
[EventCountry "GGB"]
[SourceTitle "EXT 2019"]
[Source "ChessBase"]
[SourceDate "2018.10.10"]
[SourceVersion "1"]
[SourceVersionDate "2018.10.10"]
[SourceQuality "1"]

1. e4 e5 2. Nc3 Nf6 3. Bc4 Be7 4. d3 d6 5. f4 Nc6 6. Nf3 Bg4 7. h3 Bxf3 8. Qxf3 exf4 9. Bxf4 Ne5 10. Bxe5 dxe5 11. 0-0 Bc5+ 12. Kh2 c6 13. a4 Qe7 14. Kh1 h5 15. Nd1 0-0-0 16. Ne3 Bxe3 17. Qxe3 a5 18. Qg5 Rhg8 19. c3 c5 20. Rf5 Rde8 21. Raf1 Qc7 22. Qd2 Re7 23. b4 Rd8 24. Qb2 cxb4 25. cxb4 Nxe4 26. dxe4 Qxc4 27. Rc1 Rd1+ 28. Rxd1 Qxe4 29. Qc1+ Rc7 30. Qb1 Rc2 31. Rf2 Re2 32. Qc1+ 1-0

[Event "Portugal op"]
[Site "Oeiras"]
[Date "2015.09.03"]
[Round "7"]
[White "Prata, Jose Miguel Mendes"]
[Black "Antunes, Ricardo Miguel Mais"]
[Result "1-0"]
[WhiteElo "2003"]
[BlackElo "1410"]
[PlyCount "65"]
[EventDate "2015.08.30"]
[EventType "swiss"]
[EventRounds "9"]
[EventCountry "POR"]
[SourceTitle "EXT 2016"]
[Source "ChessBase"]
[SourceDate "2015.10.08"]
[SourceVersion "1"]
[SourceVersionDate "2015.10.08"]
[SourceQuality "1"]

1. e4 c5 2. Nf3 Nc6 3. d4 cxd4 4. Nxd4 g6 5. Nc3 Bg7 6. Be3 Nf6 7. Bc4 0-0 8. Bb3 Qa5 9. f3 d6 10. Qd2 Bd7 11. 0-0-0 Rfc8 12. Kb1 Ne5 13. h4 Nc4 14. Bxc4 Rxc4 15. h5 Rac8 16. hxg6 fxg6 17. Nb3 Qd8 18. Bg5 Qf8 19. e5 Nh5 20. exd6 exd6 21. Qd5+ Qf7 22. Qxf7+ Kxf7 23. Rxd6 Be6 24. g4 Bxc3 25. bxc3 Rxc3 26. gxh5 Bf5 27. Nd4 Bxc2+ 28. Nxc2 Rxc2 29. hxg6+ hxg6 30. Rh7+ Kg8 31. Rdd7 Rg2 32. Rdg7+ Kf8 33. Bh6 1-0

[Event "Portugal op"]
[Site "Oeiras"]
[Date "2015.08.31"]
[Round "3"]
[White "Sousa, Andre Ventura"]
[Black "Prata, Jose Miguel Mendes"]
[Result "1-0"]
[WhiteElo "2266"]
[BlackElo "2003"]
[PlyCount "125"]
[EventDate "2015.08.30"]
[EventType "swiss"]
[EventRounds "9"]
[EventCountry "POR"]
[SourceTitle "EXT 2016"]
[Source "ChessBase"]
[SourceDate "2015.10.08"]
[SourceVersion "1"]
[SourceVersionDate "2015.10.08"]
[SourceQuality "1"]

1. c4 c6 2. Nf3 Nf6 3. g3 d5 4. b3 Bf5 5. Bg2 e6 6. 0-0 Nbd7 7. Bb2 Be7 8. Nc3 h6 9. d3 0-0 10. Re1 Bg4 11. d4 a6 12. c5 Qc7 13. Na4 Bxf3 14. exf3 b5 15. Nc3 a5 16. f4 Rfe8 17. Qd3 Bf8 18. Re2 g6 19. Rae1 Bg7 20. Bc1 Nf8 21. Bh3 Rad8 22. f3 h5 23. Be3 Bh6 24. a3 h4 25. Bf1 hxg3 26. hxg3 Nh5 27. Rh2 Bg7 28. Kf2 Nd7 29. Ne2 f5 30. Bd2 Kf7 31. Qc3 Ra8 32. Ng1 Qa7 33. Qe3 Qc7 34. Nh3 Bf6 35. Rg2 Re7 36. Ke2 Rh8 37. Kd1 Ng7 38. Rh2 Ree8 39. Bd3 Rh5 40. Reh1 Reh8 41. Be2 Qd8 42. g4 Rh4 43. Be1 Rxh3 44. Rxh3 Rxh3 45. Rxh3 a4 46. g5 Be7 47. bxa4 bxa4 48. Rh4 Qb8 49. Bb4 Nh5 50. Kc1 Bd8 51. Bd1 Bc7 52. Bd2 Qb5 53. Qe2 Qb8 54. Qa6 Kg7 55. Qxc6 Nf8 56. Bxa4 Bxf4 57. Bxf4 Nxf4 58. Qb5 Qc7 59. Kb2 Ng2 60. c6 Qg3 61. Qb7+ Kg8 62. c7 Qf2+ 63. Bc2 1-0

[Event "Lisbon Odisseias rapid op 1st"]
[Site "Lisbon"]
[Date "2015.08.12"]
[Round "4"]
[White "Prata, Jose Miguel Mendes"]
[Black "Viela, Andre Filipe Folha"]
[Result "1-0"]
[WhiteElo "1947"]
[BlackElo "2130"]
[PlyCount "95"]
[EventDate "2015.08.13"]
[EventType "swiss (rapid)"]
[EventRounds "7"]
[EventCountry "POR"]
[SourceTitle "EXT 2018"]
[Source "ChessBase"]
[SourceDate "2017.10.13"]
[SourceVersion "1"]
[SourceVersionDate "2017.10.13"]
[SourceQuality "1"]

1. e4 c5 2. Nf3 d6 3. d4 cxd4 4. Nxd4 Nf6 5. Nc3 Nc6 6. f3 e5 7. Ndb5 a6 8. Na3 b5 9. Nd5 Nxd5 10. Qxd5 Qc7 11. c3 Be6 12. Qd1 Rd8 13. Bg5 f6 14. Be3 d5 15. exd5 Bxd5 16. Qc1 b4 17. cxb4 Bxb4+ 18. Kf2 Qb7 19. Bc4 Bxa3 20. bxa3 0-0 21. Rb1 Qf7 22. Bxa6 Nd4 23. Rd1 Ra8 24. Bf1 Rxa3 25. Qxa3 Nc2 26. Qc3 Nxe3 27. Kxe3 Qa7+ 28. Ke2 Be6 29. Ke1 Rc8 30. Qd2 Bf5 31. Rbc1 Re8 32. Bc4+ Kh8 33. Kf1 e4 34. fxe4 Bxe4 35. Qd4 Qb8 36. Bd5 Qf4+ 37. Kg1 h5 38. Bxe4 Rxe4 39. Qd8+ Kh7 40. Qd3 f5 41. Rf1 Qe5 42. Qf3 g6 43. Rcd1 Qe6 44. a3 Qe7 45. Qf2 f4 46. Rde1 Rxe1 47. Rxe1 Qa7 48. Qxa7+ 1-0

[Event "Lisbon Check Mate op 3rd"]
[Site "Lisbon"]
[Date "2015.08.11"]
[Round "5"]
[White "Prata, Jose Miguel Mendes"]
[Black "Costa, Joao Luis Silva MY"]
[Result "0-1"]
[WhiteElo "2003"]
[BlackElo "1782"]
[PlyCount "110"]
[EventDate "2015.08.08"]
[EventType "swiss"]
[EventRounds "7"]
[EventCountry "POR"]
[SourceTitle "EXT 2017"]
[Source "ChessBase"]
[SourceDate "2016.10.25"]
[SourceVersion "1"]
[SourceVersionDate "2016.10.25"]
[SourceQuality "1"]

1. e4 c5 2. Nf3 e6 3. d3 d5 4. Nbd2 Nc6 5. g3 Nf6 6. Bg2 Be7 7. 0-0 0-0 8. e5 Nd7 9. Re1 Qc7 10. Qe2 b5 11. Nf1 Bb7 12. c3 Rac8 13. Bf4 Rfd8 14. h4 Nb6 15. N1h2 d4 16. h5 dxc3 17. bxc3 Rd7 18. h6 g6 19. Ng4 Qd8 20. Rad1 Nd5 21. Bd2 Nb6 22. Bf4 c4 23. dxc4 Nxc4 24. Rxd7 Qxd7 25. Bg5 Rd8 26. a4 a6 27. axb5 axb5 28. Nf6+ Bxf6 29. Bxf6 Ne7 30. Nd4 Bxg2 31. Kxg2 Rc8 32. Bxe7 Qxe7 33. Nxb5 Qb7+ 34. Qf3 Qxf3+ 35. Kxf3 Kf8 36. Kg4 Rc5 37. Nd4 Nxe5+ 38. Kh3 Nd3 39. Re2 Rxc3 40. Kg2 Rc4 41. Nf3 Rc5 42. Re3 Rd5 43. g4 e5 44. Kg3 f5 45. gxf5 gxf5 46. Re2 Kf7 47. Ra2 Kg6 48. Ra6+ Kh5 49. Rf6 f4+ 50. Kg2 e4 51. Nh2 Rg5+ 52. Kf1 f3 53. Re6 Ra5 54. Kg1 Rg5+ 55. Kf1 Rg2 0-1

[Event "Lisbon Check Mate op 3rd"]
[Site "Lisbon"]
[Date "2015.08.10"]
[Round "4"]
[White "Guerreiro, Helder Campos"]
[Black "Prata, Jose Miguel Mendes"]
[Result "0-1"]
[WhiteElo "1495"]
[BlackElo "2003"]
[PlyCount "74"]
[EventDate "2015.08.08"]
[EventType "swiss"]
[EventRounds "7"]
[EventCountry "POR"]
[SourceTitle "EXT 2017"]
[Source "ChessBase"]
[SourceDate "2016.10.25"]
[SourceVersion "1"]
[SourceVersionDate "2016.10.25"]
[SourceQuality "1"]

1. e4 e6 2. d4 d5 3. Nd2 c5 4. exd5 Qxd5 5. Ngf3 cxd4 6. Bc4 Qd6 7. Nb3 Qb4+ 8. Nbd2 Nc6 9. a3 Qb6 10. 0-0 Nf6 11. b4 Qc7 12. Nb3 Bd6 13. Nbxd4 Nxd4 14. Qxd4 0-0 15. Bd3 e5 16. Qh4 Re8 17. Re1 Bg4 18. Ng5 h6 19. Ne4 Nxe4 20. Bxe4 Be6 21. Bxh6 f5 22. Qg5 fxe4 23. Rxe4 Qe7 24. Qg3 Bf5 25. Bg5 Qe6 26. Rh4 e4 27. Qe3 Be5 28. Rf1 Qd5 29. Kh1 Rac8 30. Qe2 Qc4 31. Qd1 Re6 32. f4 Rd6 33. Qc1 Bb2 34. Qe1 e3 35. Be7 e2 36. Rf3 Rd1 37. Qxd1 exd1Q+ 0-1

[Event "Lisbon Check Mate op 3rd"]
[Site "Lisbon"]
[Date "2015.08.09"]
[Round "3"]
[White "Prata, Jose Miguel Mendes"]
[Black "Correia, Jorge Paulo Cardoso"]
[Result "0-1"]
[WhiteElo "2003"]
[BlackElo "1770"]
[PlyCount "164"]
[EventDate "2015.08.08"]
[EventType "swiss"]
[EventRounds "7"]
[EventCountry "POR"]
[SourceTitle "EXT 2017"]
[Source "ChessBase"]
[SourceDate "2016.10.25"]
[SourceVersion "1"]
[SourceVersionDate "2016.10.25"]
[SourceQuality "1"]

1. e4 c5 2. Nf3 Nc6 3. d4 cxd4 4. Nxd4 Nf6 5. Nc3 e6 6. Be3 Bb4 7. f3 d5 8. Bb5 Qc7 9. exd5 Nxd5 10. Bxc6+ bxc6 11. Bd2 Qe5+ 12. Nde2 Bxc3 13. Bxc3 Nxc3 14. bxc3 Ba6 15. Kf2 Bxe2 16. Qxe2 Qxc3 17. Rad1 Ke7 18. Rd3 Qc5+ 19. Kg3 Rad8 20. Rhd1 Rd5 21. h4 Rhd8 22. Kh3 Rxd3 23. Rxd3 Rxd3 24. cxd3 Qf5+ 25. g4 Qd5 26. Kg3 f6 27. Qc2 h5 28. gxh5 Kd7 29. Qa4 Qc5 30. d4 Qb6 31. Qc4 Qb5 32. Qc3 Qxh5 33. Qa3 a5 34. Qf8 Qg6+ 35. Kf2 Qh6 36. Ke2 Qg6 37. Ke3 f5 38. Kf2 Qf6 39. Qc5 Qxh4+ 40. Ke3 Qe1+ 41. Kd3 Qb1+ 42. Ke3 Qe1+ 43. Kd3 Qf1+ 44. Ke3 Qe1+ 45. Kd3 Qb1+ 46. Ke3 Qxa2 47. Qa7+ Ke8 48. Qxg7 Qd5 49. Qg8+ Kd7 50. Qb8 Ke7 51. Qa8 Qb3+ 52. Kf4 Qd5 53. Ke3 Kd7 54. Qb8 Ke7 55. Qa8 Kf7 56. Qb8 Kg7 57. Qg3+ Kf7 58. Qg5 a4 59. Qh5+ Kf6 60. Qh8+ Kf7 61. Qa8 f4+ 62. Kxf4 Qxd4+ 63. Kg5 Qd5+ 64. Kg4 Qf5+ 65. Kg3 Qg5+ 66. Kh3 Qh5+ 67. Kg3 Qg6+ 68. Kf4 Qf6+ 69. Kg4 Qg7+ 70. Kf4 Qf6+ 71. Kg4 Qg7+ 72. Kf4 Qd4+ 73. Kg5 Qc5+ 74. Kf4 a3 75. Qb7+ Kf6 76. Kg4 Qg5+ 77. Kh3 Qf5+ 78. Kg3 Qe5+ 79. f4 Qc3+ 80. Kg4 a2 81. Qa8 a1Q 82. Qf8+ Kg6 0-1

[Event "Coimbra Queima das Fitas op"]
[Site "Coimbra"]
[Date "2015.05.03"]
[Round "7"]
[White "Babo, Miguel Carranca Fei"]
[Black "Prata, Jose Miguel Mendes"]
[Result "0-1"]
[WhiteElo "1764"]
[BlackElo "1968"]
[PlyCount "104"]
[EventDate "2015.04.30"]
[EventType "swiss"]
[EventRounds "7"]
[EventCountry "POR"]
[SourceTitle "EXT 2018"]
[Source "ChessBase"]
[SourceDate "2017.10.13"]
[SourceVersion "1"]
[SourceVersionDate "2017.10.13"]
[SourceQuality "1"]

1. d4 d5 2. Nf3 Nf6 3. e3 c6 4. Bd3 Bg4 5. Nbd2 e6 6. 0-0 Nbd7 7. b3 Bd6 8. Bb2 0-0 9. c4 Qb8 10. h3 Bh5 11. Qc2 Bxf3 12. Nxf3 b5 13. cxb5 cxb5 14. Qe2 b4 15. Ba6 Ne4 16. Rac1 Qb6 17. Bb5 Nb8 18. Rc2 a6 19. Ba4 Qd8 20. Rfc1 Nd7 21. Bxd7 Qxd7 22. Ne5 Bxe5 23. dxe5 Qb5 24. Qxb5 axb5 25. Bd4 h5 26. Bc5 Nxc5 27. Rxc5 Rfb8 28. R1c2 g5 29. g3 Kg7 30. g4 hxg4 31. hxg4 Ra5 32. f3 Rba8 33. Rd2 Rxa2 34. Rxa2 Rxa2 35. Rxb5 Re2 36. Rxb4 Rxe3 37. Kf2 Rxe5 38. Rd4 Kf6 39. b4 Ke7 40. b5 Kd7 41. Rb4 Kc7 42. b6+ Kb7 43. Rb5 f5 44. gxf5 Rxf5 45. Rb3 g4 46. Kg2 gxf3+ 47. Kf2 e5 48. Rb1 e4 49. Rb4 e3+ 50. Kf1 f2 51. Rb2 d4 52. Re2 Rb5 0-1

[Event "Coimbra Queima das Fitas op"]
[Site "Coimbra"]
[Date "2015.05.01"]
[Round "2"]
[White "Prata, Jose Miguel Mendes"]
[Black "Cavaleiro, Daniel Felipe Costa"]
[Result "1/2-1/2"]
[WhiteElo "1968"]
[BlackElo "1865"]
[PlyCount "101"]
[EventDate "2015.04.30"]
[EventType "swiss"]
[EventRounds "7"]
[EventCountry "POR"]
[SourceTitle "EXT 2018"]
[Source "ChessBase"]
[SourceDate "2017.10.13"]
[SourceVersion "1"]
[SourceVersionDate "2017.10.13"]
[SourceQuality "1"]

1. e4 g6 2. d4 Bg7 3. Nc3 c6 4. Be3 d6 5. Qd2 Nf6 6. f3 0-0 7. 0-0-0 b5 8. Nge2 Nbd7 9. g4 Nb6 10. Ng3 b4 11. Nb1 a5 12. h4 Ba6 13. Bxa6 Rxa6 14. Qe2 Qa8 15. h5 a4 16. hxg6 fxg6 17. Bh6 Rf7 18. Bxg7 Rxg7 19. g5 Nfd7 20. f4 b3 21. cxb3 axb3 22. a3 c5 23. f5 cxd4 24. Rxd4 Ra5 25. Nc3 Qc8 26. Kb1 Qc5 27. Rhd1 Rf7 28. Nd5 Ra8 29. Qd3 e5 30. Nxb6 Rxa3 31. Ra4 Qc2+ 32. Qxc2 bxc2+ 33. Kxc2 Rxg3 34. Ra8+ Nf8 35. fxg6 hxg6 36. Rxd6 Rg2+ 37. Kb1 Rxg5 38. Nd5 Rg2 39. Rb6 Kg7 40. Re8 Kh6 41. Ne3 Rg1+ 42. Ka2 Nd7 43. Rd6 Rh7 44. Nc4 Nc5 45. Rxe5 Ra7+ 46. Na3 Na4 47. Rd2 Rg3 48. Rh2+ Kg7 49. Kb1 Nxb2 50. Nb5 Nd3 51. Nxa7 1/2-1/2

[Event "POR-ch prel"]
[Site "Lisbon"]
[Date "2015.03.11"]
[Round "5"]
[White "Prata, Jose Miguel Mendes"]
[Black "Avelino, Camila Biscaya"]
[Result "1/2-1/2"]
[WhiteElo "1968"]
[BlackElo "1364"]
[PlyCount "77"]
[EventDate "2015.03.08"]
[EventType "swiss"]
[EventRounds "9"]
[EventCountry "POR"]
[SourceTitle "EXT 2018"]
[Source "ChessBase"]
[SourceDate "2017.10.13"]
[SourceVersion "1"]
[SourceVersionDate "2017.10.13"]
[SourceQuality "1"]

1. e4 e5 2. Nc3 Nf6 3. Bc4 Nc6 4. d3 h6 5. f4 Bc5 6. Nf3 d6 7. Na4 Bb6 8. Nxb6 axb6 9. c3 0-0 10. 0-0 Re8 11. f5 d5 12. exd5 Nxd5 13. Bxd5 Qxd5 14. f6 e4 15. dxe4 Qxd1 16. Rxd1 Rxe4 17. fxg7 Kxg7 18. Kf2 Bf5 19. Be3 Rae8 20. Bd4+ Kh7 21. Re1 Rd8 22. Rxe4 Bxe4 23. Be3 Bxf3 24. gxf3 Rd6 25. Bf4 Rd7 26. Re1 Ne7 27. Re2 Kg6 28. Re1 Nf5 29. Re8 c6 30. Rg8+ Kf6 31. Rh8 Kg7 32. Rb8 b5 33. Be5+ Kg6 34. Rg8+ Kh7 35. Rh8+ Kg6 36. Rg8+ Kh5 37. Bf4 Ne7 38. Rh8 Nf5 39. Rb8 1/2-1/2

[Event "POR-ch prel"]
[Site "Lisbon"]
[Date "2015.03.08"]
[Round "1"]
[White "Nunes, Adelino Vitor"]
[Black "Prata, Jose Miguel Mendes"]
[Result "0-1"]
[WhiteElo "1650"]
[BlackElo "1968"]
[PlyCount "82"]
[EventDate "2015.03.08"]
[EventType "swiss"]
[EventRounds "9"]
[EventCountry "POR"]
[SourceTitle "EXT 2018"]
[Source "ChessBase"]
[SourceDate "2017.10.13"]
[SourceVersion "1"]
[SourceVersionDate "2017.10.13"]
[SourceQuality "1"]

1. e4 e6 2. Nf3 d5 3. exd5 exd5 4. g3 Nf6 5. Bg2 Bd6 6. Qe2+ Be7 7. 0-0 0-0 8. d4 c6 9. h3 Re8 10. Qd1 Bf5 11. Be3 Nbd7 12. Nbd2 Ne4 13. Nxe4 Bxe4 14. a3 Nf6 15. b4 Bd6 16. Qc1 b5 17. c3 a5 18. Bg5 h6 19. Bf4 Qc7 20. Bxd6 Qxd6 21. Re1 Bxf3 22. Rxe8+ Rxe8 23. Bxf3 a4 24. Qd2 Qe6 25. Kg2 Ne4 26. Qc2 Nd6 27. Bg4 f5 28. Bh5 g6 29. Bf3 Kg7 30. Ra2 Qe1 31. h4 Kf6 32. Qd3 g5 33. hxg5+ hxg5 34. Re2 Rxe2 35. Bxe2 Ne4 36. Qe3 Qxc3 37. Bd3 Qd2 38. Bxe4 Qxe3 39. fxe3 dxe4 40. g4 f4 41. exf4 gxf4 0-1

[Event "POR-ch prel"]
[Site "Lisbon"]
[Date "2015.03.08"]
[Round "2"]
[White "Prata, Jose Miguel Mendes"]
[Black "Rego, Pedro Filipe"]
[Result "0-1"]
[WhiteElo "1968"]
[BlackElo "2254"]
[PlyCount "48"]
[EventDate "2015.03.08"]
[EventType "swiss"]
[EventRounds "9"]
[EventCountry "POR"]
[SourceTitle "EXT 2018"]
[Source "ChessBase"]
[SourceDate "2017.10.13"]
[SourceVersion "1"]
[SourceVersionDate "2017.10.13"]
[SourceQuality "1"]

1. e4 c5 2. Nf3 Nc6 3. d4 cxd4 4. Nxd4 g6 5. Nc3 Bg7 6. Be3 Nf6 7. Bc4 0-0 8. Bb3 d6 9. f3 Bd7 10. Qd2 Nxd4 11. Bxd4 b5 12. 0-0-0 a5 13. a4 bxa4 14. Nxa4 Qc7 15. Kb1 Rab8 16. h4 Rb4 17. Bc3 Bxa4 18. Bxb4 Bxb3 19. Bc3 Be6 20. h5 Rc8 21. hxg6 hxg6 22. g4 Qc4 23. Qh2 Qa2+ 24. Kc1 Rxc3 0-1

[Event "Lisbon Christmas op"]
[Site "Lisbon"]
[Date "2014.12.28"]
[Round "5"]
[White "Prata, Jose Miguel Mendes"]
[Black "Pons Carreras, David"]
[Result "0-1"]
[WhiteElo "1957"]
[BlackElo "2328"]
[PlyCount "48"]
[EventDate "2014.12.26"]
[EventType "swiss"]
[EventRounds "9"]
[EventCountry "POR"]
[SourceTitle "EXT 2018"]
[Source "ChessBase"]
[SourceDate "2017.10.13"]
[SourceVersion "1"]
[SourceVersionDate "2017.10.13"]
[SourceQuality "1"]

1. e4 c5 2. Nf3 Nc6 3. d4 cxd4 4. Nxd4 e6 5. Nc3 d6 6. Be3 Nf6 7. g4 Nxd4 8. Bxd4 e5 9. Bb5+ Bd7 10. Be3 Bxb5 11. Nxb5 Qa5+ 12. Nc3 Nxe4 13. Qd3 Nxc3 14. bxc3 Rc8 15. Bd2 Qa4 16. Qf5 Qc6 17. 0-0 Be7 18. Rab1 0-0 19. g5 g6 20. Qg4 b6 21. Rb3 Qd5 22. Be3 Rc4 23. Qg3 Rfc8 24. Bc1 Qe4 0-1

[Event "Lisbon Christmas op"]
[Site "Lisbon"]
[Date "2014.12.26"]
[Round "1"]
[White "Prata, Jose Miguel Mendes"]
[Black "Veiga, Jose Francisco RP"]
[Result "1/2-1/2"]
[WhiteElo "1957"]
[BlackElo "1779"]
[PlyCount "91"]
[EventDate "2014.12.26"]
[EventType "swiss"]
[EventRounds "9"]
[EventCountry "POR"]
[SourceTitle "EXT 2018"]
[Source "ChessBase"]
[SourceDate "2017.10.13"]
[SourceVersion "1"]
[SourceVersionDate "2017.10.13"]
[SourceQuality "1"]

1. e4 c5 2. Nf3 Nc6 3. d4 cxd4 4. Nxd4 g6 5. Nc3 Bg7 6. Be3 Nf6 7. Bc4 0-0 8. Bb3 a5 9. a4 Ng4 10. Nxc6 Nxe3 11. Nxd8 Nxd1 12. Rxd1 Bxc3+ 13. bxc3 Rxd8 14. e5 Ra6 15. 0-0 Rc6 16. Rd3 b6 17. Rfd1 d6 18. exd6 Rdxd6 19. Rxd6 exd6 20. Rd3 Be6 21. Re3 d5 22. Kf1 Rc5 23. Ke2 b5 24. axb5 Rxb5 25. Kd2 Kf8 26. Re5 Ke7 27. c4 Rc5 28. cxd5 Kd6 29. Re1 Bxd5 30. Bxd5 Rxd5+ 31. Kc3 Rc5+ 32. Kb2 Re5 33. Ra1 h6 34. Ra3 Re2 35. Rf3 f5 36. Kc3 a4 37. Kd3 Re4 38. Kc3 Kc5 39. Kb2 Rb4+ 40. Ka3 Rc4 41. Kb2 h5 42. g3 Re4 43. h4 Kb4 44. Rd3 Rc4 45. c3+ Kc5 46. Rf3 1/2-1/2

[Event "Lisbon Honra-A"]
[Site "Lisbon"]
[Date "2014.06.14"]
[Round "9"]
[White "Ferreira, Luis Pedro Oliveira"]
[Black "Prata, Jose Miguel Mendes"]
[Result "1-0"]
[WhiteElo "2004"]
[BlackElo "1965"]
[PlyCount "75"]
[EventDate "2014.06.08"]
[EventType "tourn"]
[EventRounds "9"]
[EventCountry "POR"]
[SourceTitle "EXT 2015"]
[Source "ChessBase"]
[SourceDate "2014.11.20"]
[SourceVersion "1"]
[SourceVersionDate "2014.11.20"]
[SourceQuality "1"]

1. Nf3 d5 2. g3 Nf6 3. Bg2 e6 4. 0-0 Be7 5. d3 c5 6. Nbd2 Nc6 7. e4 0-0 8. c3 b5 9. e5 Nd7 10. Re1 a5 11. Nf1 b4 12. Bf4 Ba6 13. h4 Bb5 14. Rc1 Nb6 15. Ne3 Rc8 16. h5 d4 17. cxd4 Nxd4 18. Nc4 Nxc4 19. dxc4 Nxf3+ 20. Qxf3 Bc6 21. Qg4 Bxg2 22. Bh6 g6 23. Bxf8 Bxf8 24. Kxg2 Rc7 25. hxg6 hxg6 26. Rcd1 Rd7 27. b3 a4 28. Rxd7 Qxd7 29. Rd1 Qa7 30. Rd8 axb3 31. axb3 Kg7 32. Qe4 Be7 33. Qa8 Qxa8+ 34. Rxa8 f6 35. Ra7 Kf7 36. Kf3 f5 37. Rxe7+ Kxe7 38. Kf4 1-0

[Event "Lisbon Honra-A"]
[Site "Lisbon"]
[Date "2014.06.10"]
[Round "4"]
[White "Silva, Goncalo Nuno Neto"]
[Black "Prata, Jose Miguel Mendes"]
[Result "1/2-1/2"]
[WhiteElo "1973"]
[BlackElo "1965"]
[PlyCount "37"]
[EventDate "2014.06.08"]
[EventType "tourn"]
[EventRounds "9"]
[EventCountry "POR"]
[SourceTitle "EXT 2015"]
[Source "ChessBase"]
[SourceDate "2014.11.20"]
[SourceVersion "1"]
[SourceVersionDate "2014.11.20"]
[SourceQuality "1"]

1. c4 c6 2. Nf3 d5 3. d4 Nf6 4. Nc3 a6 5. cxd5 cxd5 6. g3 Nc6 7. Bg2 Bf5 8. 0-0 e6 9. Qb3 Na5 10. Qd1 b5 11. Ne5 Be7 12. Bd2 Rc8 13. a3 Qb6 14. b4 Nc4 15. Nxc4 Rxc4 16. e3 0-0 17. Qb3 Rfc8 18. Rfc1 h6 19. Bf1 1/2-1/2

[Event "Lisbon Honra-A"]
[Site "Lisbon"]
[Date "2014.06.08"]
[Round "1"]
[White "Prata, Jose Miguel Mendes"]
[Black "Preto, Daniel Filipe Rodri"]
[Result "1-0"]
[WhiteElo "1965"]
[BlackElo "2032"]
[PlyCount "111"]
[EventDate "2014.06.08"]
[EventType "tourn"]
[EventRounds "9"]
[EventCountry "POR"]
[SourceTitle "EXT 2015"]
[Source "ChessBase"]
[SourceDate "2014.11.20"]
[SourceVersion "1"]
[SourceVersionDate "2014.11.20"]
[SourceQuality "1"]

1. e4 e6 2. d3 d5 3. Nd2 c5 4. Ngf3 Nc6 5. g3 Nf6 6. Bg2 Be7 7. 0-0 0-0 8. e5 Nd7 9. Re1 b5 10. Nf1 a5 11. Bf4 a4 12. a3 b4 13. h4 bxa3 14. bxa3 Nd4 15. N1h2 Nxf3+ 16. Qxf3 Rb8 17. Qg4 Kh8 18. Bg5 Bxg5 19. hxg5 Rb2 20. c4 Qa5 21. cxd5 Qd2 22. Qf4 Qxd3 23. Rad1 Qb3 24. dxe6 Qxe6 25. Bd5 Qe7 26. Ng4 Nb6 27. Bf3 Bxg4 28. Bxg4 c4 29. e6 fxe6 30. Rxe6 Qxa3 31. Qd4 Qb4 32. g6 c3 33. Qxb4 Rxb4 34. f4 hxg6 35. Kf2 c2 36. Rh1+ Kg8 37. Rc6 Rb1 38. Be6+ Rf7 39. Kg2 Kf8 40. Bxf7 Kxf7 41. Rxc2 Rxh1 42. Kxh1 Nd5 43. Rc4 Kf6 44. Rxa4 Kf5 45. Kg2 Kg4 46. Re4 Nf6 47. Re5 Nh7 48. Re7 Kh5 49. Rxg7 Kh6 50. Ra7 g5 51. Ra6+ Kh5 52. Kf3 g4+ 53. Ke4 Nf6+ 54. Kf5 Ne4 55. Rh6+ Kxh6 56. Kxe4 1-0